000 01315nam a2200253Ia 4500
999 _c52156
_d52156
001 19163
003 GE_BSU
005 20210429154116.0
008 181216s2013||||ge |||||||||||||| ||geo||
040 _cGE_BSU
041 _ageo
080 _a 81 Г-54
100 _aГлонти-Катамадзе, Ирма
_911701
245 _aМетафорическое моделирование языковой картины мира ребенка-би/поливинга /
_cИрма Глонти-Катамадзе; Научныи руководитель М. Арошидзе; Батумский гос. ун-т им. Шота Руставели. Департамент Европеистики.
264 _aБатуми,
_c2013.
300 _a137 стр.
_b30 см.
653 _aМетафорическое моделирование языковой картины мира ребенка-би/поливинга.
653 _aЯзыкознание
653 _aდისერტაცია
653 _aენათმეცნიერება
700 _a Арошидзе, М.
_eНаучныи руководитель
_911702
710 _aБатумский гос. ун-т им. Шота Руставели.
_bДепартамент Европеистики.
_910443
942 _cBK
_2udc